Les stations du RER A - Statistiques

Statistiques générales
  • Ce quiz a été pris 1 650 fois
    1 643 depuis la dernière actualisation
  • Le résultat moyen est 24 sur 46
Statistiques - réponses
Stations % Correct
Châtelet Les Halles
89%
Auber
88%
Gare de Lyon
88%
La Défense
87%
Nation
86%
Vincennes
80%
Charles de Gaulle Etoile
79%
Nanterre Préfecture
77%
Nanterre Université
72%
Saint-Germain en Laye
70%
Boissy Saint-Léger
68%
Cergy le Haut
67%
Marne la Vallée Chessy
66%
Poissy
66%
Torcy
65%
Val de Fontenay
59%
Val d'Europe
58%
Cergy Préfecture
53%
Nanterre Ville
53%
Rueil Malmaison
53%
Sartrouville
52%
Fontenay sous Bois
50%
Noisiel
49%
Neuilly Plaisance
48%
Bry sur Marne
45%
Lognes
45%
Cergy Saint-Christophe
44%
Nogent sur Marne
44%
Noisy Champs
44%
Bussy Saint-Georges
43%
Noisy le Grand Mont d'Est
43%
Joinville le Pont
42%
Le Vésinet le Pecq
42%
Champigny
41%
Saint-Maur Créteil
39%
Houilles Carrières sur Seine
38%
Achères Ville
36%
Chatou Croissy
34%
Conflans Fin d'Oise
33%
Le Vésinet Centre
32%
Neuville Université
32%
Le Parc de Saint-Maur
31%
Maisons Laffite
30%
Sucy Bonneuil
30%
Achères Grand Cormier
27%
La Varenne Chennevières
24%
Aucun quiz correspondant
Distribution des résultats
% des personnes avec chaque résultat
Percentile par nombre de réponses
Votre historique - résultats
Vous n’avez pas pris ce quiz depuis la dernière actualisation